000 00402nam a22001217a 4500
003 OSt
008 250120b |||||||| |||| 00| 0 eng d
041 _aeng
100 _aWorld Energy Conference
_96968
245 _aDo WOrking Group No.3 WG. 3e Old Substitution and Energy Saving: An Italian Experience
260 _aNew Delhi:
_bOrganising Committe 12 of the World Energy Conference,
_c1983.
942 _cBK
999 _c19066
_d19066